header

Apartheid no more (Record no. 21551)

MARC details
000 -LEADER
fixed length control field 01581nam a22003374a 4500
082 04 - DEWEY DECIMAL CLASSIFICATION NUMBER
Classification number 378.68
245 00 - TITLE STATEMENT
Title Apartheid no more
260 ## - PUBLICATION, DISTRIBUTION, ETC. (IMPRINT)
Place of publication Westport, Conn. :
Name of publisher Bergin & Garvey,
Year of publication 2001.
300 ## - PHYSICAL DESCRIPTION
Number of Pages xxiii, 173 p.
650 #0 - SUBJECT ADDED ENTRY--TOPICAL TERM
Topical Term Discrimination in higher education
Topical Term Discrimination in higher education
Topical Term Universities and colleges
Topical Term Universities and colleges
700 1# - ADDED ENTRY--PERSONAL NAME
Personal name Mabokela, Reitumetse Obakeng.
Personal name King, Kimberly Lenease.
856 40 - ELECTRONIC LOCATION AND ACCESS
Uniform Resource Identifier http://site.ebrary.com/lib/rucke/Doc?id=5007318

No items available.

© 2026 Rongo University
Contact us: librarian | system librarian | Rongo university